[Event "SVK-chT3A2 2223"]
[Site "Slovakia"]
[Date "2023.02.19"]
[Round "7.6"]
[White "Skapikova, Lubica"]
[Black "Orvisky, Vladimir"]
[Result "0-1"]
[WhiteElo "1801"]
[BlackElo "1603"]
[PlyCount "27"]
[EventDate "2022.10.16"]
[EventType "team-tourn"]
[EventRounds "9"]
[EventCountry "SVK"]
[SourceTitle "EXT 2024"]
[Source "ChessBase"]
[SourceDate "2023.10.10"]
[SourceVersion "1"]
[SourceVersionDate "2023.10.10"]
[SourceQuality "1"]
[WhiteTeam "Senica SK"]
[BlackTeam "Piestany Kupele II"]
[WhiteTeamCountry "SVK"]
[BlackTeamCountry "SVK"]

1. e4 Nf6 2. e5 Nd5 3. c4 Nb6 4. d4 d6 5. f4 dxe5 6. fxe5 Nc6 7. Be3 Bf5 8. Nf3 e6 9. Nc3 Be7 10. Be2 0-0 11. 0-0 f6 12. Qb3 fxe5 13. dxe5 Qc8 14. Bf2 0-1

[Event "SVK-chT3A2 2223"]
[Site "Slovakia"]
[Date "2022.12.04"]
[Round "3.6"]
[White "Skapikova, Lubica"]
[Black "Datko, Jan"]
[Result "1-0"]
[WhiteElo "1801"]
[BlackElo "1300"]
[PlyCount "73"]
[EventDate "2022.10.16"]
[EventType "team-tourn"]
[EventRounds "9"]
[EventCountry "SVK"]
[SourceTitle "EXT 2024"]
[Source "ChessBase"]
[SourceDate "2023.10.10"]
[SourceVersion "1"]
[SourceVersionDate "2023.10.10"]
[SourceQuality "1"]
[WhiteTeam "Senica SK"]
[BlackTeam "Holic"]
[WhiteTeamCountry "SVK"]
[BlackTeamCountry "SVK"]

1. e4 e5 2. Nf3 Nc6 3. Bb5 a6 4. Ba4 Nf6 5. 0-0 Bc5 6. d3 Nd4 7. Nxe5 b5 8. Bb3 Nxb3 9. axb3 d6 10. Nf3 Bg4 11. h3 Bxf3 12. Qxf3 h6 13. c3 0-0 14. Qg3 Nh5 15. Qg4 Nf6 16. Qh4 Nd7 17. Qg3 Qf6 18. d4 Bb6 19. Kh1 Qg6 20. Qxg6 fxg6 21. Na3 c5 22. d5 Nf6 23. f3 Nxe4 24. Re1 Nf2+ 25. Kh2 Nd3 26. Re6 g5 27. c4 Rf6 28. Re3 Ne5 29. Nxb5 Nf7 30. Bd2 a5 31. Bc3 Ne5 32. Bxe5 dxe5 33. Rxe5 Rf7 34. Re6 Bc7+ 35. d6 Ra6 36. dxc7 Rxe6 37. c8Q+ 1-0

[Event "SVK-chT3A2 2223"]
[Site "Slovakia"]
[Date "2022.11.06"]
[Round "2.6"]
[White "Gajarsky, Julius"]
[Black "Skapikova, Lubica"]
[Result "1/2-1/2"]
[WhiteElo "1608"]
[BlackElo "1801"]
[PlyCount "55"]
[EventDate "2022.10.16"]
[EventType "team-tourn"]
[EventRounds "9"]
[EventCountry "SVK"]
[SourceTitle "EXT 2024"]
[Source "ChessBase"]
[SourceDate "2023.10.10"]
[SourceVersion "1"]
[SourceVersionDate "2023.10.10"]
[SourceQuality "1"]
[WhiteTeam "Modranka Komplet II"]
[BlackTeam "Senica SK"]
[WhiteTeamCountry "SVK"]
[BlackTeamCountry "SVK"]

1. d4 f5 2. c4 Nf6 3. Nc3 g6 4. Nf3 Bg7 5. Bg5 0-0 6. Qd2 d6 7. Bh6 c6 8. Bxg7 Kxg7 9. g3 Na6 10. a3 Nc7 11. Bg2 Qe8 12. b4 e5 13. dxe5 dxe5 14. Qd6 e4 15. Qxc7+ Rf7 16. Qe5 Re7 17. Qd4 exf3 18. Bxf3 Be6 19. 0-0 Rd8 20. Qxa7 Bxc4 21. Rfe1 g5 22. Qc5 Bd5 23. Nxd5 Nxd5 24. Bxd5 Rxd5 25. Qc3+ Kg6 26. e3 Red7 27. a4 Qe4 28. Rec1 1/2-1/2

[Event "Kezmarok op"]
[Site "Kezmarok"]
[Date "2022.09.30"]
[Round "8"]
[White "Skapikova, Lubica"]
[Black "Fizer, Marek"]
[Result "0-1"]
[WhiteElo "1823"]
[BlackElo "1963"]
[PlyCount "84"]
[EventDate "2022.09.24"]
[EventType "swiss"]
[EventRounds "9"]
[EventCountry "SVK"]
[SourceTitle "CBM 210 Extra"]
[Source "ChessBase"]
[SourceDate "2022.11.30"]
[SourceVersion "1"]
[SourceVersionDate "2022.11.30"]
[SourceQuality "1"]

1. e4 c5 2. Nf3 Nc6 3. g3 g6 4. Bg2 Bg7 5. 0-0 d6 6. d3 e5 7. Nc3 Nge7 8. Nh4 0-0 9. f4 Nd4 10. Ne2 Bg4 11. Nf3 Qd7 12. c3 Nxf3+ 13. Bxf3 Bxf3 14. Rxf3 b5 15. Be3 Qc6 16. fxe5 dxe5 17. Qc2 Nf5 18. Raf1 Nd6 19. g4 c4 20. Ng3 cxd3 21. Qxd3 Nc4 22. b3 Rad8 23. Qc2 Nxe3 24. Rxe3 Qd7 25. h3 Bh6 26. Ref3 Qd2 27. R1f2 Qe1+ 28. Nf1 Bf4 29. Qe2 Rd1 30. Kg2 Rfd8 31. Qxb5 Qxe4 32. Ng3 Qb1 33. Nf1 g5 34. a4 Qg6 35. Ne3 Re1 36. Nd5 Qb1 37. Nf6+ Kg7 38. Nh5+ Kh8 39. Rf1 Qc2+ 40. R3f2 Qe4+ 41. Rf3 Re2+ 42. Kh1 Qxf3+ 0-1

[Event "Kezmarok op"]
[Site "Kezmarok"]
[Date "2022.09.29"]
[Round "7"]
[White "Hagara, Eduard1111"]
[Black "Skapikova, Lubica"]
[Result "1/2-1/2"]
[WhiteElo "1734"]
[BlackElo "1823"]
[PlyCount "59"]
[EventDate "2022.09.24"]
[EventType "swiss"]
[EventRounds "9"]
[EventCountry "SVK"]
[SourceTitle "CBM 210 Extra"]
[Source "ChessBase"]
[SourceDate "2022.11.30"]
[SourceVersion "1"]
[SourceVersionDate "2022.11.30"]
[SourceQuality "1"]

1. e4 e5 2. f4 d6 3. Nf3 Nc6 4. Bc4 Be7 5. 0-0 Nf6 6. d3 0-0 7. c3 exf4 8. Bxf4 Na5 9. Bb5 c6 10. Ba4 Qb6+ 11. Kh1 Qxb2 12. Nbd2 Qb6 13. h3 h6 14. Qe2 Qd8 15. Rae1 b5 16. Bc2 c5 17. Bh2 Nc6 18. Nb3 b4 19. cxb4 Nxb4 20. Bb1 a5 21. a3 Nc6 22. Nbd2 Ba6 23. Ba2 Nh7 24. Nc4 Bxc4 25. Bxc4 Ng5 26. Bd5 Nxf3 27. Qxf3 Nd4 28. Qh5 Rb8 29. Rxf7 Rxf7 30. Qxf7+ 1/2-1/2

[Event "Kezmarok op"]
[Site "Kezmarok"]
[Date "2022.09.28"]
[Round "6"]
[White "Skapikova, Lubica"]
[Black "Rakovsky, Jakub"]
[Result "1/2-1/2"]
[WhiteElo "1823"]
[BlackElo "2012"]
[PlyCount "59"]
[EventDate "2022.09.24"]
[EventType "swiss"]
[EventRounds "9"]
[EventCountry "SVK"]
[SourceTitle "CBM 210 Extra"]
[Source "ChessBase"]
[SourceDate "2022.11.30"]
[SourceVersion "1"]
[SourceVersionDate "2022.11.30"]
[SourceQuality "1"]

1. e4 e5 2. Nf3 Nc6 3. Bb5 a6 4. Ba4 Nf6 5. 0-0 b5 6. Bb3 Bc5 7. d3 d6 8. c3 Bb6 9. h3 0-0 10. Re1 Na5 11. Bc2 c5 12. Bg5 h6 13. Bh4 c4 14. d4 Nc6 15. dxe5 dxe5 16. Qxd8 Bxd8 17. Nbd2 Nh5 18. Bxd8 Rxd8 19. Nf1 Be6 20. Rad1 Nf4 21. Ne3 f6 22. Rxd8+ Nxd8 23. Rd1 Nb7 24. Ne1 a5 25. h4 Nc5 26. g3 Nfd3 27. Nxd3 cxd3 28. Bxd3 Nxd3 29. Rxd3 Bxa2 30. Rd7 1/2-1/2

[Event "SVK-chT4 A21 2122"]
[Site "Slovakia"]
[Date "2022.03.27"]
[Round "11.3"]
[White "Skapikova, Lubica"]
[Black "Wallner, Juraj"]
[Result "1-0"]
[WhiteElo "1855"]
[BlackElo "1556"]
[PlyCount "59"]
[EventDate "2021.10.17"]
[EventType "team-tourn"]
[EventRounds "11"]
[EventCountry "SVK"]
[SourceTitle "EXT 2024"]
[Source "ChessBase"]
[SourceDate "2023.10.10"]
[SourceVersion "1"]
[SourceVersionDate "2023.10.10"]
[SourceQuality "1"]
[WhiteTeam "Senica"]
[BlackTeam "Stefanov"]
[WhiteTeamCountry "SVK"]
[BlackTeamCountry "SVK"]

1. e4 c5 2. Nf3 e6 3. d4 d5 4. exd5 exd5 5. Bb5+ Bd7 6. Bxd7+ Nxd7 7. 0-0 Ngf6 8. Re1+ Be7 9. Bg5 0-0 10. Nc3 cxd4 11. Nxd4 h6 12. Bh4 Re8 13. Nf5 Nb6 14. Qf3 Kh7 15. Rxe7 Rxe7 16. Nxg7 Ng8 17. Nf5 f6 18. Nxe7 Qxe7 19. Nxd5 Nxd5 20. Qxd5 Rd8 21. Qf3 Qe5 22. Qxb7+ Ne7 23. h3 Rb8 24. Qxa7 Rxb2 25. f4 Qxf4 26. Qxe7+ Kg6 27. Qe8+ Kg7 28. Rd1 Rb7 29. Rd8 Rb1+ 30. Be1 1-0

[Event "SVK-chT4 A21 2122"]
[Site "Slovakia"]
[Date "2021.11.14"]
[Round "3.3"]
[White "Pripko, Bystrik"]
[Black "Skapikova, Lubica"]
[Result "0-1"]
[WhiteElo "1556"]
[BlackElo "1855"]
[PlyCount "68"]
[EventDate "2021.10.17"]
[EventType "team-tourn"]
[EventRounds "11"]
[EventCountry "SVK"]
[SourceTitle "EXT 2023"]
[Source "ChessBase"]
[SourceDate "2022.10.05"]
[SourceVersion "1"]
[SourceVersionDate "2022.10.05"]
[SourceQuality "1"]
[WhiteTeam "Chtelnica Kamenar"]
[BlackTeam "Senica"]
[WhiteTeamCountry "SVK"]
[BlackTeamCountry "SVK"]

1. e4 e5 2. Nf3 Nc6 3. Bc4 Be7 4. d3 Nf6 5. h3 0-0 6. 0-0 d6 7. Nc3 Na5 8. Bb3 Nxb3 9. axb3 a6 10. Nd5 Nxd5 11. exd5 f5 12. c4 h6 13. Qc2 Qe8 14. b4 Qg6 15. Kh2 Qh5 16. Qe2 g5 17. Ng1 g4 18. g3 Qg6 19. h4 f4 20. Bxf4 exf4 21. Qxe7 Qxd3 22. Qe2 Qf5 23. Rae1 f3 24. Qe3 h5 25. Qh6 Qh7 26. Qg5+ Qg7 27. Qxh5 Bd7 28. Re3 Rf5 29. Qxf5 Bxf5 30. Rfe1 Qxb2 31. Ne2 fxe2 32. R1xe2 Qxb4 33. f3 gxf3 34. Rxf3 Bg4 0-1

[Event "SVK-chT3A2 2122"]
[Site "Slovakia"]
[Date "2021.11.07"]
[Round "3.5"]
[White "Skapikova, Lubica"]
[Black "Holicky, Miroslav"]
[Result "0-1"]
[WhiteElo "1827"]
[BlackElo "1797"]
[PlyCount "92"]
[EventDate "2021.10.10"]
[EventType "team-tourn"]
[EventRounds "11"]
[EventCountry "SVK"]
[SourceTitle "EXT 2023"]
[Source "ChessBase"]
[SourceDate "2022.10.05"]
[SourceVersion "1"]
[SourceVersionDate "2022.10.05"]
[SourceQuality "1"]
[WhiteTeam "Senica CVC"]
[BlackTeam "Trnava Lokomotiva"]
[WhiteTeamCountry "SVK"]
[BlackTeamCountry "SVK"]

1. e4 d5 2. exd5 Nf6 3. Nf3 Qxd5 4. d4 Bg4 5. Be2 Nc6 6. c3 0-0-0 7. 0-0 e5 8. c4 Qd7 9. d5 Bxf3 10. Bxf3 Nd4 11. Be3 Bc5 12. Nc3 h5 13. Bxd4 Bxd4 14. Nb5 Bb6 15. a4 e4 16. a5 Bc5 17. Be2 c6 18. dxc6 bxc6 19. Nc3 Qxd1 20. Nxd1 Rd2 21. Re1 Rhd8 22. h3 g5 23. Nc3 g4 24. hxg4 hxg4 25. Nxe4 Nxe4 26. Bxg4+ Kc7 27. Rxe4 Rxf2 28. Kh1 f5 29. Re5 fxg4 30. Rxc5 Rdd2 31. Rg1 Rxb2 32. Rg5 Rf4 33. Rg7+ Kd6 34. Rxa7 Rxc4 35. Rd1+ Kc5 36. Rg7 Kb5 37. Ra1 Ka6 38. Rg8 Rb3 39. Ra8+ Kb7 40. Rg8 g3 41. a6+ Ka7 42. Rg7+ Ka8 43. a7 Rh4+ 44. Kg1 Rh8 45. Rc7 Rb4 46. Rg7 Rbh4 0-1

[Event "Tatry op"]
[Site "Tatranske Zruby"]
[Date "2020.09.26"]
[Round "1"]
[White "Skapikova, Lubica"]
[Black "Cech, Dominik"]
[Result "0-1"]
[WhiteElo "1875"]
[BlackElo "2123"]
[PlyCount "76"]
[EventDate "2020.09.26"]
[EventType "swiss"]
[EventRounds "9"]
[EventCountry "SVK"]
[SourceTitle "CBM 198 Extra"]
[Source "ChessBase"]
[SourceDate "2020.11.30"]
[SourceVersion "1"]
[SourceVersionDate "2020.11.30"]
[SourceQuality "1"]

1. e4 c5 2. Nf3 e6 3. d4 cxd4 4. Nxd4 Nc6 5. Nc3 Qc7 6. Be3 a6 7. g3 Nf6 8. Bg2 Be7 9. 0-0 h5 10. h3 d6 11. Bg5 Bd7 12. Re1 0-0-0 13. a3 Kb8 14. Nf3 Nh7 15. Be3 g5 16. Nd4 Ne5 17. Nf3 Nc4 18. Bd4 f6 19. b3 Ne5 20. Na2 g4 21. Nh4 f5 22. f4 gxf3 23. Nxf3 Nxf3+ 24. Bxf3 e5 25. Be3 fxe4 26. Bxe4 Bxh3 27. Qd5 Nf6 28. Qd3 Nxe4 29. Qxe4 d5 30. Qh1 Bf5 31. Nb4 Be4 32. Qh3 a5 33. Nd3 Rdg8 34. Bf2 h4 35. g4 Bf6 36. Kf1 Qc8 37. Nc5 Rxg4 38. Re3 Bg2+ 0-1

[Event "SVK-chT4 A21 1920"]
[Site "Slovakia"]
[Date "2020.06.14"]
[Round "11.3"]
[White "Piestansky, Jan"]
[Black "Skapikova, Lubica"]
[Result "0-1"]
[WhiteElo "1623"]
[BlackElo "1815"]
[PlyCount "77"]
[EventDate "2019.10.13"]
[EventType "team-tourn"]
[EventRounds "11"]
[EventCountry "SVK"]
[SourceTitle "EXT 2022"]
[Source "ChessBase"]
[SourceDate "2021.10.06"]
[SourceVersion "1"]
[SourceVersionDate "2021.10.06"]
[SourceQuality "1"]
[WhiteTeam "Chtelnica Kamenar"]
[BlackTeam "Brezova pod Bradlom"]
[WhiteTeamCountry "SVK"]
[BlackTeamCountry "SVK"]

1. e4 e5 2. Nf3 Nc6 3. Bc4 Be7 4. h3 Nf6 5. d3 d6 6. c3 Be6 7. Bb5 0-0 8. 0-0 a6 9. Ba4 Qc8 10. Kh2 Nd7 11. d4 Bc4 12. Re1 exd4 13. cxd4 Bb5 14. Bxb5 axb5 15. Qb3 Bf6 16. d5 Nc5 17. Qxb5 Ra5 18. Qe2 Nb4 19. Nc3 Nbd3 20. Rd1 Bxc3 21. bxc3 Nxc1 22. Rdxc1 Re8 23. Nd2 Ra4 24. f3 f5 25. c4 fxe4 26. fxe4 Qd8 27. Rc3 Qf6 28. Qf3 Qe5+ 29. Qg3 Nxe4 30. Qxe5 Rxe5 31. Nxe4 Rxe4 32. Rb1 b6 33. Rf1 Rexc4 34. Rcf3 Ra8 35. Rf7 h6 36. R1f2 b5 37. Re7 Rf8 38. Rd2 Rf5 39. Rd3 0-1

[Event "SVK-chT4 A21 1920"]
[Site "Slovakia"]
[Date "2020.01.12"]
[Round "6.3"]
[White "Skapikova, Lubica"]
[Black "Rehak, Vladimir"]
[Result "1-0"]
[WhiteElo "1815"]
[BlackElo "1618"]
[PlyCount "133"]
[EventDate "2019.10.13"]
[EventType "team-tourn"]
[EventRounds "11"]
[EventCountry "SVK"]
[SourceTitle "CBM 194 Extra"]
[Source "ChessBase"]
[SourceDate "2020.03.31"]
[SourceVersion "1"]
[SourceVersionDate "2020.03.31"]
[SourceQuality "1"]
[WhiteTeam "Brezova pod Bradlom"]
[BlackTeam "Myjava Spartak"]
[WhiteTeamCountry "SVK"]
[BlackTeamCountry "SVK"]

1. e4 e5 2. Nf3 Nc6 3. Bb5 a6 4. Ba4 Bc5 5. 0-0 d6 6. c3 Bd7 7. d3 h6 8. Be3 Qe7 9. Bxc5 dxc5 10. Nbd2 Nf6 11. Bxc6 Bxc6 12. Nc4 Nd7 13. Re1 0-0 14. Na5 Qd6 15. Nc4 Qf6 16. Ne3 g6 17. Qd2 h5 18. Nf1 Rad8 19. Qe3 Rfe8 20. Rad1 b6 21. Ng5 Bb7 22. Qg3 Qg7 23. f4 f6 24. Nh3 Nf8 25. Nd2 Kh7 26. Nf3 exf4 27. Nxf4 Rd7 28. Nh4 Qf7 29. Qf3 Rd6 30. Nfxg6 Nxg6 31. Qxh5+ Kg8 32. Nxg6 Qg7 33. Re3 Qh7 34. Qg4 Kf7 35. e5 Qxg6 36. Qxg6+ Kxg6 37. Rg3+ Kf7 38. exd6 cxd6 39. Kf2 Rh8 40. h3 f5 41. Re1 Kf6 42. Rge3 Bd5 43. c4 Bf7 44. Re7 b5 45. b3 bxc4 46. dxc4 d5 47. cxd5 Bxd5 48. Rd7 Be4 49. Rd6+ Kg5 50. Rxa6 Bd3 51. Rc6 Ra8 52. a4 Rb8 53. Rxc5 Rxb3 54. Re3 Rb2+ 55. Kg1 Ba6 56. a5 Bb7 57. Rg3+ Kf4 58. Rg7 Be4 59. a6 Ra2 60. a7 Ra1+ 61. Kh2 Ra2 62. h4 Ke3 63. h5 f4 64. h6 f3 65. Rc3+ Kd4 66. Rxf3 Bxf3 67. h7 1-0

[Event "Skalica op"]
[Site "Skalica"]
[Date "2020.01.11"]
[Round "2"]
[White "Gasa, Andrej"]
[Black "Skapikova, Lubica"]
[Result "1-0"]
[WhiteElo "2205"]
[BlackElo "1840"]
[PlyCount "53"]
[EventDate "2020.01.11"]
[EventType "swiss"]
[EventRounds "9"]
[EventCountry "SVK"]
[SourceTitle "CBM 194 Extra"]
[Source "ChessBase"]
[SourceDate "2020.03.31"]
[SourceVersion "1"]
[SourceVersionDate "2020.03.31"]
[SourceQuality "1"]

1. d4 f5 2. g3 Nf6 3. Bg2 g6 4. c4 Bg7 5. Nc3 0-0 6. Nf3 d6 7. 0-0 Nbd7 8. Bf4 Nh5 9. Bd2 e5 10. dxe5 Nxe5 11. b3 Nc6 12. Rc1 Rb8 13. Bg5 Bf6 14. Bxf6 Nxf6 15. Nd4 Nxd4 16. Qxd4 a6 17. Rfe1 Ng4 18. Bd5+ Rf7 19. Bxf7+ Kxf7 20. c5 Qf6 21. Qxf6+ Nxf6 22. cxd6 cxd6 23. Rcd1 Ke6 24. e4 f4 25. gxf4 Bd7 26. Rd4 Nh5 27. e5 1-0

[Event "Skalica op"]
[Site "Skalica"]
[Date "2020.01.11"]
[Round "3"]
[White "Skapikova, Lubica"]
[Black "Sosovicka, Marian"]
[Result "1-0"]
[WhiteElo "1840"]
[BlackElo "1490"]
[PlyCount "31"]
[EventDate "2020.01.11"]
[EventType "swiss"]
[EventRounds "9"]
[EventCountry "SVK"]
[SourceTitle "CBM 194 Extra"]
[Source "ChessBase"]
[SourceDate "2020.03.31"]
[SourceVersion "1"]
[SourceVersionDate "2020.03.31"]
[SourceQuality "1"]

1. e4 c5 2. f4 d6 3. Nf3 Nc6 4. g3 Nf6 5. Nc3 Bg4 6. Bg2 Nd4 7. 0-0 e5 8. h3 Bxf3 9. Bxf3 Nxf3+ 10. Qxf3 Be7 11. d3 Qb6 12. Kh2 0-0-0 13. a4 Qc6 14. fxe5 dxe5 15. Nb5 a6 16. Na7+ 1-0

[Event "SVK-chT4 A21 1920"]
[Site "Slovakia"]
[Date "2019.12.15"]
[Round "5.3"]
[White "Stehlik, Jan"]
[Black "Skapikova, Lubica"]
[Result "0-1"]
[WhiteElo "1653"]
[BlackElo "1815"]
[PlyCount "78"]
[EventDate "2019.10.13"]
[EventType "team-tourn"]
[EventRounds "11"]
[EventCountry "SVK"]
[SourceTitle "CBM 194 Extra"]
[Source "ChessBase"]
[SourceDate "2020.03.31"]
[SourceVersion "1"]
[SourceVersionDate "2020.03.31"]
[SourceQuality "1"]
[WhiteTeam "Holic II"]
[BlackTeam "Brezova pod Bradlom"]
[WhiteTeamCountry "SVK"]
[BlackTeamCountry "SVK"]

1. e4 e5 2. Nf3 Nc6 3. Bc4 Be7 4. c3 Nf6 5. d3 0-0 6. 0-0 d6 7. Re1 h6 8. Nbd2 Na5 9. Bb5 a6 10. Ba4 c5 11. c4 Rb8 12. Bc2 b5 13. b3 Nc6 14. Bb2 Nh7 15. Nf1 Ng5 16. Nxg5 Bxg5 17. Bc1 Nd4 18. Ne3 f5 19. Nd5 fxe4 20. Rxe4 Bf5 21. Re1 Be6 22. Nc3 Bh4 23. Rf1 Bxf2+ 24. Rxf2 Rxf2 25. Kxf2 Qh4+ 26. Kg1 Nxc2 27. Ne4 Nxa1 28. Bd2 Nxb3 29. axb3 bxc4 30. bxc4 Bf5 31. g3 Qe7 32. Nf2 Qb7 33. Qe2 Qb1+ 34. Kg2 Qc2 35. g4 Bg6 36. Qe3 Rb2 37. Ba5 Bxd3 38. Bc7 Be4+ 39. Kf1 Rb1+ 0-1

[Event "SVK-chT3A2 1819"]
[Site "Slovakia"]
[Date "2019.03.24"]
[Round "11.2"]
[White "Skapikova, Lubica"]
[Black "Merva, Frantisek"]
[Result "0-1"]
[WhiteElo "1899"]
[BlackElo "2094"]
[PlyCount "155"]
[EventDate "2018.10.07"]
[EventType "team-tourn"]
[EventRounds "11"]
[EventCountry "SVK"]
[SourceTitle "EXT 2020"]
[Source "ChessBase"]
[SourceDate "2019.10.17"]
[SourceVersion "1"]
[SourceVersionDate "2019.10.17"]
[SourceQuality "1"]
[WhiteTeam "Senica SK"]
[BlackTeam "Potonska Veza II"]
[WhiteTeamCountry "SVK"]
[BlackTeamCountry "SVK"]

1. e4 b6 2. d4 Bb7 3. f3 e6 4. Nc3 Nf6 5. Be3 d6 6. Nge2 Be7 7. Qd2 Nbd7 8. Nf4 a6 9. Be2 0-0 10. 0-0 Rc8 11. g4 c5 12. d5 exd5 13. Ncxd5 Nxd5 14. Nxd5 Nf6 15. c4 Nxd5 16. exd5 Re8 17. Bd3 Bf6 18. Rae1 g6 19. Bf2 Qd7 20. Rxe8+ Rxe8 21. Re1 b5 22. Rxe8+ Qxe8 23. Kg2 b4 24. Bg3 Qd7 25. h3 Bc8 26. f4 a5 27. f5 a4 28. b3 axb3 29. axb3 Bd4 30. Qe2 Qd8 31. fxg6 hxg6 32. Qe1 Kg7 33. Bh4 Qa5 34. Qb1 Qa3 35. Bg5 Be5 36. Bc1 Qa7 37. Bb2 Qe7 38. Qa1 f5 39. Bxe5+ dxe5 40. Kg3 Kh7 41. Qe1 e4 42. Bc2 Qg5 43. Qf2 e3 44. Qf3 f4+ 45. Kg2 Qe5 46. Qe4 Qxe4+ 47. Bxe4 Kg7 48. Kf3 g5 49. Bd3 Bd7 50. Ke4 Kf6 51. h4 Bxg4 52. hxg5+ Kxg5 53. d6 Bd7 54. Be2 Bc6+ 55. Kd3 Bd7 56. Ke4 Bc6+ 57. Kd3 Bd7 58. Ke4 Bf5+ 59. Kf3 Kg6 60. Kxf4 Kf6 61. Kxe3 Bc2 62. Bg4 Bxb3 63. d7 Ke7 64. Kd3 Ba4 65. Ke4 Bxd7 66. Bd1 Kd6 67. Bc2 Bh3 68. Bb3 Bg2+ 69. Kf4 Bc6 70. Kf5 Bd7+ 71. Kf6 Bh3 72. Bd1 Bf1 73. Bb3 Bd3 74. Kf7 Ke5 75. Ke7 Kd4 76. Kd6 Bxc4 77. Bc2 b3 78. Bb1 0-1

[Event "SVK-chT3A2 1819"]
[Site "Slovakia"]
[Date "2019.03.10"]
[Round "10.6"]
[White "Londin, Martin"]
[Black "Skapikova, Lubica"]
[Result "1/2-1/2"]
[WhiteElo "1923"]
[BlackElo "1899"]
[PlyCount "125"]
[EventDate "2018.10.07"]
[EventType "team-tourn"]
[EventRounds "11"]
[EventCountry "SVK"]
[SourceTitle "EXT 2020"]
[Source "ChessBase"]
[SourceDate "2019.10.17"]
[SourceVersion "1"]
[SourceVersionDate "2019.10.17"]
[SourceQuality "1"]
[WhiteTeam "Skalica II"]
[BlackTeam "Senica SK"]
[WhiteTeamCountry "SVK"]
[BlackTeamCountry "SVK"]

1. e4 e5 2. Nf3 Nc6 3. d4 exd4 4. Bc4 Be7 5. Nxd4 Nf6 6. Nc3 d6 7. 0-0 0-0 8. f4 Nxd4 9. Qxd4 Be6 10. Bxe6 fxe6 11. Qc4 d5 12. Qb3 Bc5+ 13. Kh1 Bb6 14. exd5 exd5 15. Na4 c6 16. Nxb6 Qxb6 17. Be3 Qxb3 18. axb3 b6 19. b4 Rfe8 20. Ra3 Ne4 21. Rfa1 Nd6 22. Bg1 Nb5 23. R3a2 Rad8 24. c3 Re2 25. g3 Rde8 26. Bd4 Nxd4 27. cxd4 Re1+ 28. Rxe1 Rxe1+ 29. Kg2 Rd1 30. b5 cxb5 31. Rxa7 Rxd4 32. Kf3 Rd2 33. Rd7 b4 34. Ke3 Rxb2 35. Rxd5 Rxh2 36. Rb5 Rb2 37. Rxb6 Rb3+ 38. Ke4 Rxg3 39. Rxb4 Kf7 40. Rb6 Rg1 41. Ke5 Re1+ 42. Kf5 Re7 43. Ra6 Rb7 44. Kg5 h6+ 45. Kf5 Rb5+ 46. Kg4 h5+ 47. Kg3 Rf5 48. Rb6 Rf6 49. Rb7+ Kg6 50. Rb5 Kh6 51. Rb7 Rg6+ 52. Kh3 Rg4 53. Rb6+ Kh7 54. Rb5 g6 55. f5 g5 56. Rb7+ Kg8 57. f6 Kf8 58. Rg7 Rg1 59. Kh2 Rg4 60. Kh3 Rh4+ 61. Kg3 Rg4+ 62. Kh3 Rg1 63. Kh2 1/2-1/2

[Event "SVK-chT3A2 1819"]
[Site "Slovakia"]
[Date "2019.02.10"]
[Round "8.6"]
[White "Skapikova, Lubica"]
[Black "Sottnik, Filip"]
[Result "1-0"]
[WhiteElo "1899"]
[BlackElo "1702"]
[PlyCount "62"]
[EventDate "2018.10.07"]
[EventType "team-tourn"]
[EventRounds "11"]
[EventCountry "SVK"]
[SourceTitle "EXT 2020"]
[Source "ChessBase"]
[SourceDate "2019.10.17"]
[SourceVersion "1"]
[SourceVersionDate "2019.10.17"]
[SourceQuality "1"]
[WhiteTeam "Senica SK"]
[BlackTeam "Trnava Lokomotiva III"]
[WhiteTeamCountry "SVK"]
[BlackTeamCountry "SVK"]

1. e4 e5 2. Nf3 Nc6 3. Bb5 a6 4. Ba4 Nf6 5. 0-0 b5 6. Bb3 Be7 7. Re1 d6 8. h3 Be6 9. c3 h6 10. d3 Qd7 11. Nbd2 g5 12. d4 Bxh3 13. gxh3 Qxh3 14. Nh2 g4 15. Re3 Qh5 16. a4 Kd7 17. axb5 axb5 18. Rxa8 Rxa8 19. Bd5 b4 20. Bxc6+ Kxc6 21. dxe5 dxe5 22. Ndf1 Rd8 23. Rd3 Rxd3 24. Qxd3 Bc5 25. c4 Bb6 26. Ng3 Qg6 27. Nf5 Kb7 28. b3 Kb8 29. Bb2 Qg8 30. Ne7 Qe8 31. Nd5 Qc6 1-0

[Event "SVK-chT3A2 1819"]
[Site "Slovakia"]
[Date "2019.01.27"]
[Round "7.2"]
[White "Diviak, Rudolf"]
[Black "Skapikova, Lubica"]
[Result "1/2-1/2"]
[WhiteElo "1730"]
[BlackElo "1899"]
[PlyCount "74"]
[EventDate "2018.10.07"]
[EventType "team-tourn"]
[EventRounds "11"]
[EventCountry "SVK"]
[SourceTitle "EXT 2020"]
[Source "ChessBase"]
[SourceDate "2019.10.17"]
[SourceVersion "1"]
[SourceVersionDate "2019.10.17"]
[SourceQuality "1"]
[WhiteTeam "Senica CVC"]
[BlackTeam "Senica SK"]
[WhiteTeamCountry "SVK"]
[BlackTeamCountry "SVK"]

1. e4 e5 2. Bc4 Nf6 3. d3 d6 4. Nf3 Be7 5. c3 Nc6 6. Bb3 0-0 7. 0-0 Bg4 8. Re1 Na5 9. Bc2 c5 10. Nbd2 Nc6 11. Nf1 Re8 12. Ng3 Bf8 13. h3 Be6 14. Bg5 h6 15. Be3 g6 16. Qd2 Kh7 17. d4 cxd4 18. cxd4 Bd7 19. Bb3 exd4 20. Nxd4 Nxe4 21. Nxe4 Rxe4 22. Bxf7 Qf6 23. Nxc6 Qxf7 24. Nd4 Rc8 25. Rac1 d5 26. Rxc8 Bxc8 27. Rc1 Re8 28. Nb5 Be6 29. Rc7 Re7 30. Nd6 Qg8 31. Rxb7 Rxb7 32. Nxb7 Bc8 33. Na5 a6 34. Nb3 Qf7 35. Qc3 Bd7 36. Qc7 Qe6 37. Nd4 Qd6 1/2-1/2

[Event "SVK-chT4 A21 1819"]
[Site "Slovakia"]
[Date "2018.12.02"]
[Round "4.2"]
[White "Skapikova, Lubica"]
[Black "Hrdlicka, Martin"]
[Result "1-0"]
[WhiteElo "1863"]
[BlackElo "1465"]
[PlyCount "53"]
[EventDate "2018.10.14"]
[EventType "team-tourn"]
[EventRounds "11"]
[EventCountry "SVK"]
[SourceTitle "CBM 189 Extra"]
[Source "ChessBase"]
[SourceDate "2019.06.03"]
[SourceVersion "1"]
[SourceVersionDate "2019.06.03"]
[SourceQuality "1"]
[WhiteTeam "Brezova pod Bradlom"]
[BlackTeam "Senica CVC II"]
[WhiteTeamCountry "SVK"]
[BlackTeamCountry "SVK"]

1. e4 e5 2. Nf3 Nc6 3. Bb5 a6 4. Ba4 Nf6 5. 0-0 d6 6. Re1 Be7 7. c3 b5 8. Bc2 0-0 9. d3 Bb7 10. Nbd2 Re8 11. Nf1 Qd7 12. Ng3 a5 13. Nf5 b4 14. Ba4 Rab8 15. h3 Rf8 16. cxb4 axb4 17. Qc2 Ra8 18. Nxe7+ Qxe7 19. Bxc6 b3 20. Qc4 Rxa2 21. Rxa2 bxa2 22. Bg5 Bxc6 23. Qxc6 Rb8 24. Ra1 Qe6 25. Qc3 Nd7 26. Qa3 h6 27. Be3 1-0